000 01157 a2200253 4500
999 _c8184
_d8184
020 _a1402070144 (hardcover : acidfree paper)
020 _a0821351109 (paperback : acidfree paper)
050 0 0 _aHJ193 INT 2002
100 _aFerroni Marco
_eauthor
245 0 0 _aInternational public goods :
_bincentives, measurement, and financing /
_cedited by Marco Ferroni and Ashoka Mody.
264 _aMassachusetts :
_bKluwer Academic publishers,
_c2002.
300 _axii, 196 p. :
_bill. ;
500 _aIncludes bibliographical references and index.
504 _aIncludes bibliographical references and index.
650 0 _aPublic goods
_xInternational cooperation.
650 0 _aInternational economic relations.
700 1 _aFerroni, Marco A.,
_d1948-
700 1 _aMody, Ashoka.
710 1 _aWorld Bank.
856 4 1 _3Table of contents
_uhttp://www.loc.gov/catdir/toc/fy02/2002023675.html
856 4 2 _3Publisher description
_uhttp://www.loc.gov/catdir/enhancements/fy0818/2002023675-d.html
942 _2lcc
_cBK
_h193
_iINT
_kHJ